书目信息 |
| 题名: |
可塑的我
|
|
| 作者: | 陈婕君 著 | |
| 分册: | ||
| 出版信息: | 北京 人民邮电出版社 2021.03 |
|
| 页数: | X, 279页 | |
| 开本: | 21cm | |
| 丛书名: | ||
| 单 册: | ||
| 中图分类: | B844 | |
| 科图分类: | ||
| 主题词: | 发展心理学--fa zhan xin li xue | |
| 电子资源: | ||
| ISBN: | 978-7-115-55472-7 | |
| 000 | 00995nam0 2200265 450 | |
| 001 | CAL 0120217136966 | |
| 005 | 20210326093048. | |
| 010 | @a978-7-115-55472-7@dCNY59.80 | |
| 100 | @a20210325d2021 em y0chiy0120 ea | |
| 101 | 0 | @achi |
| 102 | @aCN@b110000 | |
| 105 | @ay z 000yy | |
| 106 | @ar | |
| 200 | 1 | @a可塑的我@Ake su de wo@e自我发展心理学的35堂必修课@f陈婕君著 |
| 210 | @a北京@c人民邮电出版社@d2021.03 | |
| 215 | @aX, 279页@d21cm | |
| 300 | @a智元微库 | |
| 314 | @a陈婕君, 美国麻省心理咨询师。 | |
| 330 | @a本书以发展心理学为蓝本, 呈现了一部“人生问题大百科”, 帮助我们全面筛查自己的“心理基因”, 并提供了实用而有趣的“心理健身房”, 帮助我们搞定职业、人际、情绪、家庭、情商、人生规划等关键的人生课题。 | |
| 517 | 1 | @a自我发展心理学的35堂必修课@Azi wo fa zhan xin li xue de 35 tang bi xiu ke |
| 606 | 0 | @a发展心理学@Afa zhan xin li xue |
| 690 | @aB844@v5 | |
| 701 | 0 | @a陈婕君@Achen jie jun@4著 |
| 801 | 0 | @aCN@b人天书店@c20210325 |
| 905 | @aTSG@b0002459@dB844@eC462@f2 | |
| 可塑的我:自我发展心理学的35堂必修课/陈婕君著.-北京:人民邮电出版社,2021.03 |
| X, 279页;21cm |
| 智元微库 |
| ISBN 978-7-115-55472-7:CNY59.80 |
| 本书以发展心理学为蓝本, 呈现了一部“人生问题大百科”, 帮助我们全面筛查自己的“心理基因”, 并提供了实用而有趣的“心理健身房”, 帮助我们搞定职业、人际、情绪、家庭、情商、人生规划等关键的人生课题。 |
| ● |
| 相关链接 |
|
|
|
正题名:可塑的我
索取号:B844/C462
 
预约/预借
| 序号 | 登录号 | 条形码 | 馆藏地/架位号 | 状态 | 备注 |
| 1 | 1537855 | 215378552 | 社科库509/509社科库 37排4列2层/ [索取号:B844/C462] | 在馆 | |
| 2 | 1537856 | 215378561 | 社科库509/509社科库 37排4列2层/ [索取号:B844/C462] | 在馆 |